AK’s General Knowledge A-Z #50 - Statistics

General Stats
  • This quiz has been taken 489 times
  • The average score is 18 of 26
Answer Stats
Hint Answer % Correct
M – founder of Islam Muhammad
93%
F – not slow, not gluttony Fast
91%
Q – what is this sentence? a Question
90%
B – female counterpart to the superhero whose alias is Bruce Wayne Batwoman
87%
Z – ___ Buddhism, a practice that places great importance on moment-by-moment awareness Zen
86%
G – Paul Simon’s folk rock duo partner Art (e.g. “The Sound of Silence”) Garfunkel
84%
X – human rights activist and African-American Muslim minister Malcolm X
83%
C – what is white in Dover, or Barnes in Dallas Cliff
81%
U – the official who presides over a tennis game sitting on a high chair (but does not strike back) Umpire
81%
W – actor who starred in Die Hard, Pulp Fiction and Armageddon and was married to Demi Moore Bruce Willis
79%
R – genre of Barbara Cartland, the third best-selling author worldwide Romance
79%
D – a data storage device, or what Hoke Colburn did to Miss Daisy Drive
78%
I – what can be added to injury Insult
76%
P – is “prigione” in Italian, or “correction center” in America Prison
75%
V – one of the most widely-used French words; means, e.g. “here you are” Voilà
71%
Y – popular website named after legendary beings in the novel Gulliver's Travels Yahoo
70%
A – first name of Italian explorer Vespucci, from whose name the term "America" is derived Amerigo
67%
O – singer and songwriter Roy (“Oh, Pretty Woman”, “You Got It”) Orbison
65%
S – 1999 hit by Darude, or an unpleasant surprise in a desert Sandstorm
63%
K – the largest city of Pakistan Karachi
54%
J – first name of Conrad who wrote Heart of Darkness Joseph
46%
H – Belo _________, the sixth largest city in Brazil Horizonte
42%
L – LOG button on a calculator Logarithm
41%
T – hypothetical transfer of matter or energy, e.g. in the video game Portal Teleportation
35%
E – country where Bata is the largest city and a new capital city is under construction Equatorial Guinea
29%
N – the least-populous capital city of a sovereign nation in the world (and perhaps the hardest to remember) Ngerulmud
13%
No matching quizzes found
Score Distribution
Percent of People with Each Score
Percentile by Number Answered
Your Score History
You have not taken this quiz